<?xml version="1.0" encoding="UTF-8"?>
<record
    xmlns:xsi="http://www.w3.org/2001/XMLSchema-instance"
    xsi:schemaLocation="http://www.loc.gov/MARC21/slim http://www.loc.gov/standards/marcxml/schema/MARC21slim.xsd"
    xmlns="http://www.loc.gov/MARC21/slim">

  <leader>00565nam a2200229Ia 4500</leader>
  <controlfield tag="005">20230201140119.0</controlfield>
  <controlfield tag="008">230125s9999    xx            000 0 und d</controlfield>
  <datafield tag="020" ind1=" " ind2=" ">
    <subfield code="a">9789351108665</subfield>
  </datafield>
  <datafield tag="041" ind1=" " ind2=" ">
    <subfield code="a">eng</subfield>
  </datafield>
  <datafield tag="082" ind1=" " ind2=" ">
    <subfield code="a">332.1</subfield>
    <subfield code="b">AVA</subfield>
  </datafield>
  <datafield tag="100" ind1=" " ind2=" ">
    <subfield code="a">Avasthi A</subfield>
    <subfield code="9">118237</subfield>
  </datafield>
  <datafield tag="245" ind1=" " ind2=" ">
    <subfield code="a">Impact of Technology In Banking Sector</subfield>
  </datafield>
  <datafield tag="250" ind1=" " ind2=" ">
    <subfield code="a">1st Ed.</subfield>
  </datafield>
  <datafield tag="260" ind1=" " ind2=" ">
    <subfield code="c">2015</subfield>
    <subfield code="b">Shroff publisher and distributors</subfield>
    <subfield code="a">Mumbai</subfield>
  </datafield>
  <datafield tag="300" ind1=" " ind2=" ">
    <subfield code="a">496p</subfield>
  </datafield>
  <datafield tag="500" ind1=" " ind2=" ">
    <subfield code="a">Banking
</subfield>
  </datafield>
  <datafield tag="650" ind1=" " ind2=" ">
    <subfield code="a">Banking</subfield>
    <subfield code="9">119034</subfield>
  </datafield>
  <datafield tag="700" ind1=" " ind2=" ">
    <subfield code="a">Avasthi A</subfield>
    <subfield code="9">118237</subfield>
  </datafield>
  <datafield tag="906" ind1=" " ind2=" ">
    <subfield code="b">252</subfield>
  </datafield>
  <datafield tag="942" ind1=" " ind2=" ">
    <subfield code="c">BK</subfield>
  </datafield>
  <datafield tag="999" ind1=" " ind2=" ">
    <subfield code="c">96247</subfield>
    <subfield code="d">96247</subfield>
  </datafield>
  <datafield tag="952" ind1=" " ind2=" ">
    <subfield code="0">0</subfield>
    <subfield code="1">0</subfield>
    <subfield code="4">0</subfield>
    <subfield code="7">0</subfield>
    <subfield code="a">HIMR</subfield>
    <subfield code="b">HIMR</subfield>
    <subfield code="d">2020-01-07</subfield>
    <subfield code="e">Forward Books</subfield>
    <subfield code="g">900.00</subfield>
    <subfield code="i">11164</subfield>
    <subfield code="l">0</subfield>
    <subfield code="o">332.1 AVA B19545</subfield>
    <subfield code="p">HIMR-BK-19545</subfield>
    <subfield code="r">2023-01-25 00:00:00</subfield>
    <subfield code="v">648.00</subfield>
    <subfield code="w">2023-01-25</subfield>
    <subfield code="y">BK</subfield>
    <subfield code="z">B19545</subfield>
  </datafield>
  <datafield tag="952" ind1=" " ind2=" ">
    <subfield code="0">0</subfield>
    <subfield code="1">0</subfield>
    <subfield code="4">0</subfield>
    <subfield code="7">0</subfield>
    <subfield code="a">HIMR</subfield>
    <subfield code="b">HIMR</subfield>
    <subfield code="d">2020-01-07</subfield>
    <subfield code="e">Forward Books</subfield>
    <subfield code="g">900.00</subfield>
    <subfield code="i">11164</subfield>
    <subfield code="l">0</subfield>
    <subfield code="o">332.1 AVA B19546</subfield>
    <subfield code="p">HIMR-BK-19546</subfield>
    <subfield code="r">2023-01-25 00:00:00</subfield>
    <subfield code="v">648.00</subfield>
    <subfield code="w">2023-01-25</subfield>
    <subfield code="y">BK</subfield>
    <subfield code="z">B19546</subfield>
  </datafield>
  <datafield tag="952" ind1=" " ind2=" ">
    <subfield code="0">0</subfield>
    <subfield code="1">0</subfield>
    <subfield code="4">0</subfield>
    <subfield code="7">0</subfield>
    <subfield code="a">HIMR</subfield>
    <subfield code="b">HIMR</subfield>
    <subfield code="d">2020-01-07</subfield>
    <subfield code="e">Forward Books</subfield>
    <subfield code="g">900.00</subfield>
    <subfield code="i">11164</subfield>
    <subfield code="l">0</subfield>
    <subfield code="o">332.1 AVA B19547</subfield>
    <subfield code="p">HIMR-BK-19547</subfield>
    <subfield code="r">2023-01-25 00:00:00</subfield>
    <subfield code="v">648.00</subfield>
    <subfield code="w">2023-01-25</subfield>
    <subfield code="y">BK</subfield>
    <subfield code="z">B19547</subfield>
  </datafield>
  <datafield tag="952" ind1=" " ind2=" ">
    <subfield code="0">0</subfield>
    <subfield code="1">0</subfield>
    <subfield code="2">ddc</subfield>
    <subfield code="4">0</subfield>
    <subfield code="7">3</subfield>
    <subfield code="a">HIMR</subfield>
    <subfield code="b">HIMR</subfield>
    <subfield code="d">2020-01-07</subfield>
    <subfield code="e">Forward Books</subfield>
    <subfield code="g">900.00</subfield>
    <subfield code="i">11164</subfield>
    <subfield code="o">332.1 AVA B19548</subfield>
    <subfield code="p">HIMR-BK-19548</subfield>
    <subfield code="r">2023-01-25 00:00:00</subfield>
    <subfield code="v">648.00</subfield>
    <subfield code="w">2023-01-25</subfield>
    <subfield code="y">RF</subfield>
    <subfield code="z">B19548</subfield>
  </datafield>
</record>
